Geografia (Record no. 130983)

MARC details
000 -LÍDER
campo de controle de tamanho fixo 00995 a2200181 4500
001 - NÚMERO DE CONTROLE
campo de controle 130983
020 ## - ISBN - INTERNATIONAL STANDARD BOOK NUMBER
ISBN - International Standard Book Number 85-02-02449-3
040 ## - FONTE DA CATALOGAÇÃO
Instituição que transcreveu o registro Leonardo Da Vinci
041 ## - CÓDIGO DE IDIOMA
Código do idioma do texto/trilha sonora ou título diferente Português
082 ## - CDD - CLASSIFICAÇÃO DECIMAL DE DEWEY
Número de Classificação 910 L967g
Número do exemplar L967g
100 ## - ENTRADA PRINCIPAL--NOME PESSOAL
Nome pessoal LUCCI, Elian Alabi
245 ## - TÍTULO
Título Geografia
Restante do título o homem no espaço global
260 ## - PUBLICAÇÃO, DISTRIBUIÇÃO, ETC.
Nome do editor, distribuidor, etc. Saraiva
Data da publicação, distribuição, etc. 1997
Local de publicação, distribuição, etc. São Paulo
300 ## - DESCRIÇÃO FÍSICA
Extensão 400
362 ## - DATAS DE PUBLICAÇÃO E/OU DESIGNAÇÃO SEQUENCIAL
Datas de publicação e/ou designação sequencial 19970000
697 ## - ENTRADA DE ASSUNTO LOCAL--ENTIDADE COLETIVA (RLIN)
Nome corporativo ou nome da jurisdição Geografia
-- Capitalismo
-- Revolução Industrial
-- Imperalismo
-- Primeira Guerra Mundial
-- Socialismo
-- Taylorismo
-- Fordismo
-- Segunda Guerra Mundial
-- Plano Marshall
-- Geopolítica
-- Ordem Bipolar
-- Ordem Multibipolar
-- Nova Ordem Internacional
-- Globalização
-- Guerra Fria
-- Industrialização
-- Energia
-- Agricultura
-- População
-- Urbanização
-- Migração
-- Êxodo rural
-- Meio ambiente
-- Poluição
-- Efeito estufa
-- Lixo
-- Camada de ozônio
-- Chuva ácida
-- Saneamento básico
-- Fuso horário
-- Cartografia
-- Terra
-- Relevo
-- Solos
-- Vegetação
-- Clima
-- El Nino
-- Hidrosfera
-- Oceano
-- Rio
-- Lago
-- Ensino Médio
942 ## - ELEMENTOS DE ENTRADA ADICIONADOS (KOHA)
Tipo de material Koha Livros
Holdings
Situação do descarte Situação das perdas Situação física Não pode ser emprestado Biblioteca de origem Biblioteca atual Data de aquisição Total de empréstimos Número de chamada completo Código de barras Data de último acesso Data do preço efetivo Tipo de material Koha
        Leonardo Da Vinci - Osasco Leonardo Da Vinci - Osasco 27/03/2024   910 L967g O003333 27/03/2024 27/03/2024 Livros